एस एस सी मल्टी टासिकंग गैर तकनीकी भर्ती परीक्षा सॉल्वड पेपर्स (Record no. 58510)
[ view plain ]
| 000 -LEADER | |
|---|---|
| fixed length control field | 00502nam a22001457a 4500 |
| 003 - CONTROL NUMBER IDENTIFIER | |
| control field | macl |
| 005 - DATE AND TIME OF LATEST TRANSACTION | |
| control field | 20181031133901.0 |
| 008 - FIXED-LENGTH DATA ELEMENTS--GENERAL INFORMATION | |
| fixed length control field | 181031b xxu||||| |||| 00| 0 eng d |
| 040 ## - CATALOGING SOURCE | |
| Transcribing agency | macl |
| 100 ## - MAIN ENTRY--PERSONAL NAME | |
| Personal name | उपकार |
| 9 (RLIN) | 73042 |
| 245 ## - TITLE STATEMENT | |
| Title | एस एस सी मल्टी टासिकंग गैर तकनीकी भर्ती परीक्षा सॉल्वड पेपर्स |
| 260 ## - PUBLICATION, DISTRIBUTION, ETC. (IMPRINT) | |
| Place of publication, distribution, etc. | agra |
| Name of publisher, distributor, etc. | उपकार |
| Date of publication, distribution, etc. | 2018 |
| 650 ## - SUBJECT ADDED ENTRY--TOPICAL TERM | |
| Topical term or geographic name as entry element | G k |
| 9 (RLIN) | 17291 |
| 942 ## - ADDED ENTRY ELEMENTS (KOHA) | |
| Source of classification or shelving scheme | |
| Koha item type | Hindi Books |
| Withdrawn status | Lost status | Source of classification or shelving scheme | Damaged status | Not for loan | Home library | Current library | Date acquired | Cost, normal purchase price | Total Checkouts | Full call number | Barcode | Date last seen | Date last checked out | Price effective from | Koha item type |
|---|---|---|---|---|---|---|---|---|---|---|---|---|---|---|---|
| MACL | MACL | 31/10/2018 | 115.00 | 2 | 001 | GCLC00175 | 27/08/2023 | 13/08/2023 | 31/10/2018 | Hindi Books | |||||
| MACL | MACL | 31/10/2018 | 115.00 | 001 | GCLC00176 | 31/10/2018 | 31/10/2018 | Hindi Books |









